Normal view
MARC view
- Bruce Riedel
Entry Personal Name
001 - CONTROL NUMBER
- control field: 9445
003 - CONTROL NUMBER IDENTIFIER
- control field: NUST
005 - DATE AND TIME OF LATEST TRANSACTION
- control field: 20180122101644.0
008 - FIXED-LENGTH DATA ELEMENTS
- fixed length control field: 180122|| aca||aabn | a|a d
040 ## - CATALOGING SOURCE
- Original cataloging agency: NUST
- Transcribing agency: NUST
100 ## - HEADING--PERSONAL NAME
- Personal name: Bruce Riedel
670 ## - SOURCE DATA FOUND
- Source citation: Work cat.: (NUST)321325: Bruce Riedel, Deadly embrace : Pakistan, America, and the future of the global jihad, 2011
